Traditional Water Management Systems Of India (Record no. 9681)
[ view plain ]
| 000 -LEADER | |
|---|---|
| fixed length control field | 00496nam a2200169Ia 4500 |
| 008 - FIXED-LENGTH DATA ELEMENTS--GENERAL INFORMATION | |
| fixed length control field | 220803s9999 xx 000 0 und d |
| 020 ## - INTERNATIONAL STANDARD BOOK NUMBER | |
| International Standard Book Number | 81-7305-315-4 |
| 041 ## - LANGUAGE CODE | |
| Language code of text/sound track or separate title | eng |
| 082 ## - DEWEY DECIMAL CLASSIFICATION NUMBER | |
| Classification number | 658.408 CHA/BAD |
| 100 ## - MAIN ENTRY--PERSONAL NAME | |
| Personal name | Chakravarty K K Ed. |
| 9 (RLIN) | 11893 |
| 245 ## - TITLE STATEMENT | |
| Title | Traditional Water Management Systems Of India |
| 260 ## - PUBLICATION, DISTRIBUTION, ETC. (IMPRINT) | |
| Place of publication, distribution, etc. | Bhopal |
| Name of publisher, distributor, etc. | Indira Gandhi Rashtriya Sangrahalaya |
| Date of publication, distribution, etc. | 2000 |
| 300 ## - PHYSICAL DESCRIPTION | |
| Extent | 192p |
| 500 ## - GENERAL NOTE | |
| Keywords | Environment |
| 650 ## - SUBJECT ADDED ENTRY--TOPICAL TERM | |
| Topical term or geographic name as entry element | Environmental Architecture |
| 9 (RLIN) | 11894 |
| 700 ## - ADDED ENTRY--PERSONAL NAME | |
| Personal name | Badam G L Ed. |
| 9 (RLIN) | 11895 |
| Withdrawn status | Lost status | Damaged status | Not for loan | Collection code | Home library | Current library | Shelving location | Date acquired | Vendor | Cost, normal purchase price | Total Checkouts | Full call number | Barcode | Date last seen | Cost, replacement price | Bill Date | Koha item type | Original Barcode |
|---|---|---|---|---|---|---|---|---|---|---|---|---|---|---|---|---|---|---|
| Book of B Arch | Dr. Bhanuben Nanavati College of Architecture | Dr. Bhanuben Nanavati College of Architecture | 24/08/1996 | IBT | 1062.00 | 628.4 CHA/BAD | BNCA-BK-1439 | 03/08/2022 | 1250.00 | 09/08/1996 | Books | B001439 |